000 01678nam a22004813 4500
001 22649
003 SK-KTurca
005 20260410182613.0
008 190301s2018 xo h g n 000 0dlat d
020 _a9788080468989
_q(viazané)
035 _aa000632100
040 _aUKB
_bslo
_dUKB
_erda
041 1 _alat
_aslo
_hlat
043 _ae-xo---
044 _axo
_cSK
072 7 _a94(437)
_xDejiny Česka a Slovenska
_2konspekt
080 _a94(=162.4)
_22004
080 _a94(437.6)
_22004
080 _a(049)
_22004
080 _a(0.045)
_22004
100 1 _aPapánek, Juraj,
_d1738-1802
_4aut
245 1 0 _aHistoria Gentis Slavae
_bPrvé dejiny Slovenského národa
_cJuraj Papánek ; z latinského originálu preložila Katarína Karabová ; editorky: Magdaléna Gocníková, Katarína Karabová ; odborná štúdia: Ivan Mrva
246 3 1 _aPrvé dejiny Slovenského národa
250 _aPrvé vydanie
264 1 _aBratislava
_bPerfekt
_c2018
300 _a597 strán
_bfaksimile
336 _atext
_btxt
_2rdacontent
337 _abez média
_bn
_2rdamedia
338 _azväzok
_bnc
_2rdacarrier
500 _aFaksimile pôvodného vydania, 1780
504 _aObsahuje bibliografiu ; bibliografické odkazy
546 _aSúbežný názov a text v latinčine a slovenčine
650 0 7 _aSlováci
_xdejiny
_2UKBPH
651 7 _aSlovensko
_xdejiny
_2UKBPH
655 7 _apojednania
_2UKBPH
655 7 _areprinty
_2UKBPH
700 1 _aKarabová, Katarína
_4trl
_4edt
700 1 _aGocníková, Magdaléna
_4edt
700 1 _aMrva, Ivan,
_d1954-
_4aft
942 _2ddc
_cOLDO
_n0
980 _aPerfekt, a.s., Cukrová 14, 811 08 Bratislava
982 _aOL
999 _c22649
_d22649